000 01592cam a22004097a 4500
003 CHAP
005 20220329141143.0
008 971010s1976 r 00010 d
010 _a63497
011 _a64469
035 _a69806
040 _cCHAP
082 _a519.5
_bS83
100 0 0 _aSteel, Robert George Douglas.
_9109567
245 0 _aIntroduction to statistics
260 _aNew York :
_bMcGraw-Hill,
_c1976
300 _a382 p.
_b: ilus
490 0 _aMcGraw-Hill series in probability and statistics
590 _aBATCH-UPD
_b10
_c20130110
_lUCH01
_h0659
590 _aBATCH-UPD
_b10
_c20130110
_lUCH01
_h2322
590 _aBATCH-UPD
_b10
_c20130410
_lUCH01
_h0344
590 _aBATCH-UPD
_b10
_c20130914
_lUCH01
_h1324
590 _aCONVERSION
_b10
_c20130109
_lUCH01
_h1334
650 1 4 _aEstadística.
_938241
700 0 _aTorrie, James Hiram.
_9114305
830 0 _aMcGraw-Hill series in probability and statistics
_973565
901 _aBK
942 _cLIBRO
949 _a519.5 S83
_bBC
_cLIBRO
_d-153714
_eLIBRO
_fc.5
_h40977
_i69806
_si
949 _a519.5 S83
_bBC
_cLIBRO
_d-153715
_eLIBRO
_fc.6
_h40978
_i69806
_si
949 _a519.5 S83
_bBC
_cLIBRO
_d-153716
_eLIBRO
_fc.7
_h40979
_i69806
_si
949 _a519.5 S83
_bBC
_cLIBRO
_d33724000387981
_eLIBRO
_fc.2
_h40974
_i69806
_si
949 _a519.5 S83
_bBC
_cLIBRO
_d33724000387999
_eLIBRO
_fc.3
_h40974
_i69806
_si
949 _a519.5 S83
_bBC
_cLIBRO
_d33724000388005
_eLIBRO
_h40973
_i69806
_si
949 _a519.5 S83
_bBC
_cLIBRO
_d33724000388013
_eLIBRO
_fc.4
_h40976
_i69806
_si
949 _a519.5 S83
_bBC
_cLIBRO
_dD_1FD6B
_eLIBRO
_fc.8
_h40980
_i69806
_si
999 _c63497
_d63497